| 000 | 00000nam##2200000za#4500 |
| 001 | 9.601046 |
| 003 | CaOODSP |
| 005 | 20230720093656 |
| 007 | cr ||||||||||| |
| 008 | 150406|2009||||xxc|||||o f|0| 0 fre|d |
| 040 | |aCaOODSP|bfre |
| 043 | |an-cn--- |
| 086 | 1 |aYC28-0/402-5F-PDF |
| 110 | 1 |aCanada. |bParlement. |bSénat. |bComité sénatorial permanent des peuples autochtones. |
| 245 | 10|aLes nouvelles mesures d'identification des électeurs et leurs répercussions sur les peuples et les communautés Autochtones du Canada : |h[ressource électronique]|bcinquième rapport du Comité sénatorial permanent des peuples autochtones / |cL'honorable Gerry St. Germain, C.P., président; L'honorable Nick Sibbeston, vice-président. |
| 260 | |aOttawa - Ontario : |bSénat. |cMai 2009. |
| 300 | |a13p.|btableau |
| 490 | 1 |aRapport du Comité sénatorial permanent des peuples autochtones|v40e législature, 2e session, 5e rapport |
| 590 | |a11-12-Supp|b2011-07-29 |
| 775 | 08|tNew voter identification procedures and related impacts on Aboriginal peoples and communities in Canada : |w(CaOODSP)9.570302 |
| 830 | #0|aRapport du Comité sénatorial permanent des peuples autochtones ;|v40e législature, 2e session, 5e rapport|w(CaOODSP)9.501664 |
| 856 | 40|ahttp://publications.gc.ca|qPDF|s184 Ko|uhttps://publications.gc.ca/collections/collection_2011/sen/yc28-0/YC28-0-402-5-fra.pdf|y40e législature, 2e session, 5e rapport |